matemáticas 5 EGB C.M.

Gespeichert in:
Bibliographische Detailangaben
1. Verfasser: Jané, Ángela
Format: Buch
Sprache:Spanisch
Erschienen: Barcelona Edebé 1990
Katalog:MANES:  Suchergebnis im Bibliothekskatalog
Schulbuchspezifische Eigenschaften:
Schriftenreihe:Proyecto Leones
Tags: Tag hinzufügen
Keine Tags, Fügen Sie den ersten Tag hinzu!
Hinzugefügt zu:18.11.2020
Geändert in:27.10.2025

MARC

LEADER 00000nam a22000007a 4500
005 20251027201301.0
008 201119b ||||| |||| 00| 0 spa d
561 |5 es-CICE  |3 FMa/M176  |a España. Centro Internacional de la Cultura Escolar  |k MANES 
999 |c 91022  |d 91022 
040 |a centro_manes  |c centro_internacional de la cultura escolar 
100 |a Jané, Ángela  |9 31594 
245 |a matemáticas 5 EGB C.M. 
250 |b Reimpresión 1990 
260 |a Barcelona  |b Edebé  |c 1990 
300 |a 160 p.  |c 27 x 21.5 cm 
440 |p Proyecto Leones  |9 33205 
690 0 |a MATE 
691 0 |a PRI 
942 |2 ddc  |c BK 
999 |c manes:91022  |d 91022